Tőltike és csórékolbász. Caragiale bemutatók Kolozsváron. {Sarmale si mititei}. [The Caragiale anniversary at Klausenburg]
Elmentve itt :
| Szerző: | |
|---|---|
| Adatforrás: | Meister |
| Forrásdokumentuma: | A Hét. - 2002. 40, 8. |
| Nyelv: | magyar |
| Kulcsszavak: | színházi krónika cronica teatrala theater chronicle |
| LEADER | 00476nab a2200145 i 4500 | ||
|---|---|---|---|
| 001 | bibPRO00011663 | ||
| 008 | 080908s2002 xx hun | ||
| 040 | |a Sz1 | ||
| 041 | |a hun | ||
| 100 | 1 | |a HEGYI Réka | |
| 245 | 1 | 0 | |a Tőltike és csórékolbász. Caragiale bemutatók Kolozsváron. {Sarmale si mititei}. [The Caragiale anniversary at Klausenburg] |c HEGYI Réka |
| 695 | |a színházi krónika | ||
| 695 | |a cronica teatrala | ||
| 695 | |a theater chronicle | ||
| 773 | 0 | |t A Hét. - |g 2002. 40, 8. | |